| 000 | nam a22 a 4500 | ||
|---|---|---|---|
| 999 |
_c2092 _d2092 |
||
| 003 | AKMAL | ||
| 005 | 20170515112429.0 | ||
| 008 | 170515s1999 xxk 00 eng d | ||
| 020 | _a1857882555: | ||
| 040 | _aAKMAL | ||
| 082 | 0 | 4 | _a361.1 NAI |
| 090 | 2 | 0 |
_a361.1 _bNAI |
| 100 | 1 |
_aNaisbitt, John _92996 |
|
| 245 | 1 | 0 |
_aHigh tech high touch : _btechnology and our search for meaning / _cJohn Naisbitt ; with Nana Naisbitt and Douglas Philips |
| 260 |
_aLond0n : _bNicholas Brealey, _c1999 |
||
| 300 | 0 | 0 |
_axiii, 274p. ; _c24cm |
| 504 | _aIncludes bibliographical references | ||
| 650 | 0 |
_aHigh tech _xSocial aspects _94307 |
|
| 700 | 1 |
_aNaisbitt, Nana _94308 |
|
| 700 | 1 |
_aPhilips, Douglas _94309 |
|
| 942 |
_2ddc _cBOOK |
||